00211nam a2200097Ia 4500008004100000082000800041100002000049245002300069942000600092999001500098240331s9999 xx 000 0 und d bJAY aJayathilake.B.M 0aKurulu thalawa 1-2 cL c5433d5433